Inteligentné parkovisko - rezervačný systém
Snaha o vytvorenie jednotného komplexného internetového portálu pre vodičov. Rezervačný systém umožňuje zákazníkovi jednoducho vytvoriť rezerváciu prostredníctvom webového prehliadača alebo mobilného telefónu. Rezervačný systém inteligentného parkoviska prináša prevádzkovateľom parkoviska efektívnej...
Salvato in:
| Autore principale: | |
|---|---|
| Altri autori: | , |
| Natura: | Capitolo di libro |
| Lingua: | slovacco |
| Soggetti: | |
| Tags: |
Nessun Tag, puoi essere il primo ad aggiungerne!!
|
MARC
| LEADER | 00000naa a2200000 4500 | ||
|---|---|---|---|
| 001 | 0157498 | ||
| 005 | 20231018105807.7 | ||
| 041 | 0 | |a slo | |
| 044 | |a SK | ||
| 245 | 1 | 0 | |a Inteligentné parkovisko - rezervačný systém |c Karol Matiaško, Michal Zábovský, Emil Kršák |
| 520 | |a Snaha o vytvorenie jednotného komplexného internetového portálu pre vodičov. Rezervačný systém umožňuje zákazníkovi jednoducho vytvoriť rezerváciu prostredníctvom webového prehliadača alebo mobilného telefónu. Rezervačný systém inteligentného parkoviska prináša prevádzkovateľom parkoviska efektívnejšie využitie parkoviska a zákazníkom rýchle a jednoduché parkovanie. | ||
| 610 | 2 | 0 | |a doprava |
| 610 | 2 | 0 | |a systémy informačné |
| 610 | 2 | 0 | |a systémy rezervačné |
| 610 | 2 | 0 | |a telematika |
| 100 | 1 | |a Matiaško, Karol | |
| 700 | 1 | |a Zábovský, Michal | |
| 700 | 1 | |a Kršák, Emil | |